Vplyv sušiaceho procesu na kvalitatívne parametre skleného vlákna

Guardado en:
Detalles Bibliográficos
Autor principal: Rafayová, Jana
Formato: Libro
Lenguaje:eslovaco
Publicado: Bratislava STU FCHPT 2006
Acceso en línea:Ver en el OPAC
Etiquetas: Agregar Etiqueta
Sin Etiquetas, Sea el primero en etiquetar este registro!

MARC

LEADER 00000nam a2200000 a 4500
005 20260127134245.0
008 060607 2006 xo 000 0 slo d
035 |a vtls008775411 
039 9 |y 200606221126  |z mschk03 
040 |a STUSCHK1  |b slo  |c STUSCHK1  |e AACR2 
100 1 |a Rafayová, Jana 
245 1 |a Vplyv sušiaceho procesu na kvalitatívne parametre skleného vlákna 
260 |a Bratislava  |b STU FCHPT  |c 2006 
300 |a 54 s.  |b obr.,tab.,grafy, lit. + CD-ROM 
500 |a Obháj.: 6.6. 2006 
500 |a Špec.: Keramika, sklo a cement 
500 |a Ústav anorganickej chémie, technológie a materiálov 
910 |a SCHK95 
999 |c 8036  |d 8036